Jardinería antigua
Guardat en:
| Format: | Llibre |
|---|---|
| Idioma: | espanyol |
| Publicat: |
Beijing
Nueva Estrella
1990
|
| Col·lecció: | Presencia de China
|
| Matèries: | |
| Etiquetes: |
Afegir etiqueta
Sense etiquetes, Sigues el primer a etiquetar aquest registre!
|
MARC
| LEADER | 00000nam a2200000 a 4500 | ||
|---|---|---|---|
| 001 | UCL4771 | ||
| 003 | CL-VaPUC | ||
| 008 | 040227e19900000CH |||||||||||||||||spa|d | ||
| 020 | |a 7800850684 | ||
| 082 | 0 | 4 | |a 712 |b JAR |2 21 |
| 245 | 1 | 0 | |a Jardinería antigua |
| 300 | |a 31 p | ||
| 942 | |c BK | ||
| 945 | |d 20040227 00:00:00 |a cmena | ||
| 260 | |a Beijing |b Nueva Estrella |c 1990 | ||
| 650 | 0 | |a Jardinería |9 310804 | |
| 650 | 7 | |a DISEÑO PAISAJISTICO |2 CL-VaPUC |9 463269 | |
| 651 | 0 | |a China |9 257545 | |
| 583 | |a last modification |c 20040227 00:00:00 |k Rodrigo Vera | ||
| 490 | 0 | |a Presencia de China | |
| 999 | |c 307542 |d 307540 | ||
| 952 | |0 0 |1 0 |4 0 |6 712_000000000000000_JAR_1990 |7 0 |8 A |9 373558 |a BIBGIM |b BIBGIM |d 2019-11-21 |i 397216K |o 712 JAR 1990 |p 397216K |r 2025-01-15 |w 2019-11-21 |y BK |k ORI | ||